000 00476pab a2200169 454500
008 180718b2010 xxu||||| |||| 00| 0 eng d
100 _aUmadevi, S.
245 _aHuman rights violations on indigenous groups; Kanpur district - A case study
260 _c2010
300 _ap.139-148.
362 _aApr-Jun and Jul-Sep
650 _aHuman rights violations - Case studies
650 _aHuman rights violations
773 _aISDA Journal
908 _aN
909 _a91054
999 _c91054
_d91054